00434pab a2200145 454500008004000000100001900040245009700059260000900156300001500165362000800180650003000188650002100218700002000239773002900259180718b2008 xxu||||| |||| 00| 0 eng d aGuerin, Elodie aFrom amateurs to professionals: the changing face of local elected representatives in Europe c2008 ap.179-201. aApr aLocal government - Europe aLocal government aKerrouche, Eric aLocal Government Studies